| Tag |
First Indicator |
Second Indicator |
Subfields |
| LEADER |
00000cam a2200000 i 4500 |
| 001 |
in00004087362 |
| 005 |
20200729071823.0 |
| 008 |
160613t20192019nz a b 001 0 eng |
| 010 |
|
|
|a 2019458294
|
| 020 |
|
|
|a 9780995100183
|q hardback
|
| 020 |
|
|
|a 0995100187
|q hardback
|
| 035 |
|
|
|a (OCoLC)on1126783991
|
| 040 |
|
|
|a NZ1
|e rda
|c NZ1
|d COO
|d YDX
|d UtOrBLW
|
| 043 |
|
|
|a u-nz---
|
| 049 |
|
|
|a TXAM
|
| 050 |
|
4 |
|a D524.7.N45
|b L68 2019
|
| 082 |
0 |
|
|a 940.393
|2 23
|
| 100 |
1 |
|
|a Loveridge, Steven,
|d 1985-
|e author.
|0 http://id.loc.gov/authorities/names/no2014100263
|
| 245 |
1 |
4 |
|a The home front :
|b New Zealand society and the war effort, 1914-1919 /
|c Steven Loveridge and James Watson.
|
| 264 |
|
1 |
|a Auckland, New Zealand :
|b Massey University Press,
|c [2019]
|
| 264 |
|
4 |
|c ©2019
|
| 300 |
|
|
|a 517 pages :
|b illustrations ;
|c 26 cm.
|
| 336 |
|
|
|a text
|b txt
|2 rdacontent
|
| 337 |
|
|
|a unmediated
|b n
|2 rdamedia
|
| 338 |
|
|
|a volume
|b nc
|2 rdacarrier
|
| 504 |
|
|
|a Includes bibliographical references and index.
|
| 505 |
0 |
|
|a Introduction: Towards 1914 -- 1. Crisis -- 2. War is declared -- 3. To arms -- 4. The emerging war economy -- 5. Politics presses on -- 6. Commitments escalate -- 7. Facing the burdens -- 8. Managing mobilisation -- 9. A better course towards victory -- 10. Conscription -- 11. Nadir -- 12. Endurance -- 13. Peace is declared -- 14. Demobilisation and legacies.
|
| 520 |
|
|
|a The Great War is now typically regarded as senseless and futile, but most New Zealanders at the time, rightly or wrongly, considered it to be a war to preserve security and freedoms, to punish an aggressive enemy and to win a better world. Yet the war years proved a tumultuous time, and bitterness and animosities ran alongside idealism and sacrifice. Divisive issues, economic volatility and a rising death toll all threatened resolve. The Home Front offers a compelling account of how a small and developing country confronted the complex questions and brutal realities of a world war.
|
| 650 |
|
0 |
|a World War, 1914-1918
|x Social aspects
|z New Zealand.
|
| 650 |
|
0 |
|a World War, 1914-1918
|z New Zealand.
|0 http://id.loc.gov/authorities/subjects/sh2010119479
|
| 700 |
1 |
|
|a Watson, James,
|d 1952-
|e author.
|0 http://id.loc.gov/authorities/names/n97068865
|
| 945 |
|
|
|b 393901
|
| 947 |
|
|
|a A14850781007
|
| 948 |
|
|
|a cataloged
|b h
|c 2020/6/10
|d c
|e dmitchel
|f 10:30:20 am
|
| 994 |
|
|
|a 92
|b TXA
|
| 999 |
f |
f |
|s 3608fa54-940e-3690-b696-ce7e756836a5
|i fa47d6cb-3f65-3882-b0d9-0cfe8b1d9e84
|t 0
|
| 952 |
f |
f |
|p normal
|a Texas A&M University
|b College Station
|c Sterling C. Evans Library
|d Evans: Library Stacks
|t 0
|e D524.7.N45 L68 2019
|h Library of Congress classification
|i unmediated -- volume
|m A14850781007
|
| 998 |
f |
f |
|a D524.7.N45 L68 2019
|t 0
|l Evans: Library Stacks
|